| 000 | 00438cam a2200181ua 4500 | ||
|---|---|---|---|
| 020 | _c1.25 | ||
| 041 |
_ahin _h |
||
| 082 |
_a891.43 _bDEV/AN |
||
| 100 | _aDevaki, Pande . | ||
| 245 |
_aAngresom ka desh / _cDevaki pande. _hTextual Documents |
||
| 250 |
_a1 / _b. |
||
| 260 |
_aVaranasi : _bHindi Pracharak Pusthakalayam , _c1958. |
||
| 300 | _a39 ; . | ||
| 365 | _a1.25 | ||
| 504 | _a | ||
| 942 | _cBK | ||
| 999 |
_c12741 _d12741 |
||